| 000 | 00701nam a2200205Ia 4500 | ||
|---|---|---|---|
| 003 | GCL | ||
| 008 | 140319s9999 xx 000 0 ara d | ||
| 040 |
_aGCL / _cGCL |
||
| 082 | 0 | 4 |
_aق _b339.320962 _bج ا |
| 100 | 1 | _aجودة عبدالخالق | |
| 245 | 1 | 0 |
_aالاقتصاد السياسى لتوزيع الدخل فى مصر / _cجودة عبدالخالق |
| 300 | _a803 ص | ||
| 490 |
_aالهيئة العامة للاستعلامات _v0 |
||
| 650 | 0 | 4 | _aالدخل القومى |
| 650 | 0 | 4 | _aالاقتصاد - مصر |
| 650 | 0 | 4 | _aالاجور - احصائيات |
| 650 | 0 | 4 | _aالدخل - مصر |
| 650 | 0 | 4 | _aالاجور - تكاليف مستوى المعيشة |
| 942 |
_2ddc _cBK |
||
| 999 |
_c52073 _d52073 |
||